| Поле | Инд. | ПП | Название | Значение |
|---|---|---|---|---|
| Тип записи | a | |||
| Библиографический уровень | b | |||
| 001 | Контрольный номер | RU/IS/BASE/294324443 | ||
| 005 | Дата корректировки | 20200630193218.2 | ||
| 008 | Кодируемые данные | 20090429 | ||
| 040 | b | Код языка каталог. | rus | |
| e | Правила каталог. | PSBO | ||
| 041 | 0_ | a | Код языка текста | rus |
| 084 | a | Индекс другой классификации/Индекс ББК | 81.432.1-55 | |
| 100 | 1_ | a | Автор | Великая Е. В. |
| 245 | 10 | a | Заглавие | О фоностилистических особенностях спонтанной речи |
| 504 | a | Библиография | Библиогр.: с. 137 | |
| 650 | 14 | a | Основная рубрика | английский язык |
| a | Основная рубрика | стилистика | ||
| a | Основная рубрика | филологические науки | ||
| a | Основная рубрика | частное языкознание | ||
| a | Основная рубрика | языкознание | ||
| 653 | 0_ | a | Ключевые слова | аффективность |
| a | Ключевые слова | лексика | ||
| a | Ключевые слова | монологи | ||
| a | Ключевые слова | разговорная речь | ||
| a | Ключевые слова | разговорные темы | ||
| a | Ключевые слова | устная речь | ||
| a | Ключевые слова | фоностилистика | ||
| a | Ключевые слова | эмоциональность речи | ||
| 773 | 08 | t | Заглавие источника | Вестник Московского университета. Серия 9, Филология |
| d | Дата издания источника | 2008 | ||
| g | Прочая информация | № 6. - С. 130 - 137 | ||
| w | Контрольный № источника | RU/IS/BASE/293109115 | ||
| 901 | t | Тип документа | b |